| 000 | 00893cam a2200337 4500 | ||
|---|---|---|---|
| 001 | M1591 | ||
| 008 | 090401t1994 xxu||||| |||| 00| 0 eng d | ||
| 035 | _a(Sirsi) u33145 | ||
| 041 | _aeng | ||
| 050 | _a333.3321 | ||
| 110 |
_aInternational Assets Valuation Standards Committee _92050 |
||
| 245 | _aInternational Valuation Standards IVS 1 through to 4 and preface to standards. - Volume 1. | ||
| 260 |
_aToronto _bTIAVSC _c1994 |
||
| 300 | _aca.70p. ; 21cm. | ||
| 350 | _a20 | ||
| 650 | _aACCOUNTS | ||
| 650 | _aASSET VALUATION | ||
| 650 | _aDEBENTURES | ||
| 650 | _aFINANCIAL STATEMENTS | ||
| 650 | _aINTERNATIONAL VALUATION STANDARDS | ||
| 650 | _aIVS1 | ||
| 650 | _aIVS2 | ||
| 650 | _aIVS3 | ||
| 650 | _aIVS4 | ||
| 650 | _aLOAN SECURITY | ||
| 650 | _aMARKET VALUE | ||
| 650 | _aMORTGAGES | ||
| 690 | _aRATING AND VALUATION | ||
| 942 | _n0 | ||
| 948 | _c04/03/1997 | ||
| 999 |
_c89781 _d89781 |
||